000 00661nam a2200253Ia 4500
003 OSt
005 20221005032103.0
006 a|||||r|||| 00| 0
007 ta
008 221004b |||||||| |||| 00| 0 tam d
020 _c05
024 _a63766
037 _cTextual
040 _aCRL
_cCRL
_btam
041 _2tam
_atam
082 _aO31,3NVA,2, J9
100 _aVasavan Au.
_9584091
245 0 _aThilakavathiyin Thirumanam
260 _aChennai
_bVaanathi Pathippakam India
_c1959
300 _a334p.
_ccm.
650 _aTAMIL LITERATURE
942 _hO31,3NVA,2, J9
_cTEXL
_2cc
999 _c939068
_d939068